Normal view
MARC view
- Hematology
Entry Topical Term
001 - CONTROL NUMBER
- control field: 113578
003 - CONTROL NUMBER IDENTIFIER
- control field: NUST
005 - DATE AND TIME OF LATEST TRANSACTION
- control field: 20230712115731.0
008 - FIXED-LENGTH DATA ELEMENTS
- fixed length control field: 230712|| aca||aabn | a|a d
040 ## - CATALOGING SOURCE
- Original cataloging agency: NUST
- Transcribing agency: NUST
150 ## - HEADING--TOPICAL TERM
- Topical term or geographic name entry element: Hematology
670 ## - SOURCE DATA FOUND
- Source citation: Work cat.: (NUST): Hoffbrand, A. Victor.; Steensma, David P. 113576, Hoffbrand's Essential Haematology /, 2022.
